000 01207nam a2200325 i 4500
003 EG-GICUC
005 20260121101646.0
008 260104s1997 ua ||||fr|||| 001 0 ara d
017 _a97/5470
020 _a9770303321
040 _a EG-GICUC
_bara
_c EG-GICUC
_d EG-GICUC
_erda
041 _aara
082 0 4 _a343.414
_bك م . ج
_221
092 0 4 _221
099 _aLaw1 10 343.414 ك م . ج 1997 1006814
100 0 _aمحمد كمال حمدي.
_eمؤلف.
245 1 0 _aجريمة التهريب الجمركي وقرينة التهريب /
_cالمستشار الدكتور كمال حمدي.
264 1 _aالقاهرة :
_bمحمد كمال حمدي،
_c1997.
300 _a144 صفحة ؛
_c22 سم.
_bإيضاحيات، صور، مثيليات ؛
336 _2rda content
_atext
337 _2rda media
_aComputer
338 _2rda carrier
_aOnline Resource
504 _aيشتمل على ارجاعات ببليوجرافية.
546 _aالنص باللغة العربية
650 1 _aقانون العقوبات الجمركي.
_2qrmak
651 1 _2qrmak
856 4 0 _uhttps://fll.law.cu.edu.eg/fulltext/bks/B10-06814.pdf
905 _a18
942 _2ddc
_n0
_cBK
_e21
999 _c54501
_d54501